Krizový management mezinárodní aspekty
Enregistré dans:
| Auteur principal: | |
|---|---|
| Collectivité auteur: | |
| Autres auteurs: | |
| Format: | Livre |
| Langue: | tchèque |
| Publié: |
Praha
VŠE v Praze, Nakladatelství Oeconomica
2005
|
| Sujets: | |
| Tags: |
Pas de tags, Soyez le premier à ajouter un tag!
|
MARC
| LEADER | 00000nam$a2200000$$$4500 | ||
|---|---|---|---|
| 001 | 0054837 | ||
| 005 | 20240223111735.5 | ||
| 020 | |a 80-245-0952-0 | ||
| 041 | 0 | |a cze | |
| 044 | |a CZ | ||
| 245 | 1 | 0 | |a Krizový management |b mezinárodní aspekty |c Emil Antušák, Zdeněk Kopecký |
| 264 | 1 | |a Praha |b VŠE v Praze, Nakladatelství Oeconomica |c 2005 | |
| 300 | |a 131 s. | ||
| 610 | 2 | 0 | |a manažment krízový |
| 610 | 2 | 0 | |a organizácie medzinárodné |
| 610 | 2 | 0 | |a financovanie |
| 610 | 2 | 0 | |a politika medzinárodná |
| 610 | 2 | 0 | |a kríza politická |
| 610 | 2 | 0 | |a svet |
| 610 | 2 | 0 | |a bezpečnosť |
| 610 | 2 | 0 | |a politika bezpečnostná |
| 610 | 2 | 0 | |a politika svetová |
| 610 | 2 | 0 | |a vojenstvo |
| 610 | 2 | 0 | |a spolupráca medzinárodná |
| 610 | 2 | 0 | |a inštitucionalizmus |
| 610 | 2 | 0 | |a obrana štátu |
| 610 | 2 | 0 | |a Česko |
| 610 | 2 | 0 | |a Európa |
| 610 | 2 | 0 | |a Amerika |
| 610 | 2 | 0 | |a Európska únia |
| 610 | 2 | 0 | |a OSN |
| 610 | 2 | 0 | |a NATO |
| 100 | 1 | |a Antušák, Emil | |
| 700 | 1 | |a Kopecký, Zdeněk | |
| 710 | 2 | |a Vysoká škola ekonomická v Praze. Podnikohospodářská fakulta | |